000
00300nam a22001217a 4500
082
_a
371.4
_b
PAN/A
100
_a
PANDEY,ASHOK . K
245
_a
ASPIRE TO INSPIRE
260
_a
AGRA
_b
OSWAAL BOOKS
300
_a
06/12/2022
650
_a
100 PRACTICAL SOLUTIONSTO TRANSFORM YOUR SCHOOL
_z
AGRA
942
_c
BK
999
_c
5700
_d
5700